| 000 | 01244naa a22003497a 4500 | ||
|---|---|---|---|
| 001 | BR7805148 | ||
| 003 | BR-BrBNA | ||
| 005 | 20240918174159.0 | ||
| 007 | ta | ||
| 008 | 230509b bl.||||| |||| 00| 0 por d | ||
| 040 |
_aBR-BrBNA _bpor _cBiblioteca Nacional de Agricultura |
||
| 041 | _a(Pt) | ||
| 072 |
_aH20; F00 _b1060 _b4120 _b3875 _bG514 |
||
| 090 | _aH20 BR7805148 | ||
| 100 | 1 | _aBezerra, J.E.F. | |
| 100 | 1 | _aTeixeira, S.L. | |
| 100 | 1 | _aConde, A.R. | |
| 245 | 1 | _aControle de disturbios patologicos dos frutos citricos na fase de pos-colheita [laranja lima, Citrus sinensis, mofo verde, Penicillium digitatum, fungicida, controle quimico, Minas Gerais, Brasil] | |
| 260 | 3 |
_aBelo Horizonte, MG (Brasil): _c1978. |
|
| 500 | _aProjeto fruticultura. Relatorio 1974/77 Belo Horizonte, MG (Brasil): 1978. p. 149-155 (BR7805148-AM)H20 | ||
| 650 | _aLARANJA LIMA | ||
| 650 | _aMOFO VERDE | ||
| 650 | _aFUNGICIDA | ||
| 650 | _aCONTROLE QUIMICO | ||
| 650 | _aLESAO | ||
| 650 | _aFRUTO | ||
| 650 | _aPOS-COLHEITA | ||
| 650 | _aMINAS GERAIS | ||
| 773 | 0 |
_tProjeto fruticultura. Relatorio 1974/77 _wH20 BR7805148 _gBelo Horizonte, MG (Brasil), 1978. p. 149-155 |
|
| 909 |
_a202404 _bLucia _c55 _dLucia Elande |
||
| 942 |
_cAM _2AGRIS |
||
| 999 |
_c309424 _d309424 |
||